[Event "Araraquara op 2nd"]
[Site "Araraquara"]
[Date "2024.02.10"]
[Round "1"]
[White "Rodrigues, Julliano de Araujo"]
[Black "Kinouchi, Francisco Almeida E"]
[Result "1-0"]
[WhiteElo "1749"]
[BlackElo "1800"]
[PlyCount "111"]
[EventDate "2024.02.10"]
[EventType "swiss"]
[EventRounds "7"]
[EventCountry "BRA"]
[SourceTitle "CB09_2024"]
[SourceDate "2024.02.28"]
[SourceVersion "1"]
[SourceVersionDate "2024.02.28"]
[SourceQuality "1"]

1. d4 Nf6 2. Bf4 g6 3. Nf3 Bg7 4. e3 0-0 5. Be2 d6 6. Nbd2 Nbd7 7. 0-0 Re8 8. c3 a6 9. Qc2 b5 10. a4 Rb8 11. axb5 axb5 12. Ra5 c6 13. Rfa1 Nb6 14. b3 Na4 15. Ra7 Qb6 16. Rxe7 Bf5 17. Rxe8+ Rxe8 18. Qc1 Nd5 19. bxa4 Nxf4 20. Bf1 Nd5 21. c4 bxc4 22. Nxc4 Qc7 23. Qa3 Bf8 24. Rc1 Nf6 25. Qa1 Bg4 26. Ncd2 d5 27. Ne5 c5 28. Nxg4 Nxg4 29. Nf3 c4 30. h3 Nf6 31. Ne5 Bd6 32. f4 Ne4 33. Be2 f6 34. Ng4 h5 35. Nf2 Nxf2 36. Kxf2 Bxf4 37. exf4 Qxf4+ 38. Bf3 Qd2+ 39. Kg1 c3 40. Bxd5+ Kg7 41. Bf3 Qxd4+ 42. Kh1 Qd2 43. Rd1 Qe3 44. Qc1 Qa7 45. Bc6 Re7 46. Qxc3 Qf2 47. Bf3 Qg3 48. Rb1 Rc7 49. Qd4 h4 50. Qg4 f5 51. Qxg3 hxg3 52. a5 Rc5 53. a6 Ra5 54. Bb7 f4 55. Kg1 g5 56. Rd1 1-0

[Event "Florianopolis op 10th"]
[Site "Florianopolis"]
[Date "2024.01.23"]
[Round "5"]
[White "Moura, Eduardo Henrique B"]
[Black "Rodrigues, Julliano de Araujo"]
[Result "1-0"]
[WhiteElo "2055"]
[BlackElo "1779"]
[PlyCount "71"]
[EventDate "2024.01.20"]
[EventType "swiss"]
[EventRounds "10"]
[EventCountry "BRA"]
[SourceTitle "CB05_2024"]
[SourceDate "2024.01.31"]
[SourceVersion "1"]
[SourceVersionDate "2024.01.31"]
[SourceQuality "1"]

1. e4 e5 2. Nf3 Nc6 3. Nc3 Nf6 4. d4 exd4 5. Nxd4 Bb4 6. Nxc6 bxc6 7. Bd3 d5 8. exd5 cxd5 9. 0-0 0-0 10. h3 c6 11. Qf3 Be6 12. Bf4 Bd6 13. Ne2 Rb8 14. b3 Rb4 15. Rad1 Bxf4 16. Nxf4 Qc7 17. c4 a5 18. Rfe1 a4 19. Rxe6 fxe6 20. Nxe6 Qd6 21. Nxf8 Qxf8 22. cxd5 cxd5 23. Bc2 Qc5 24. Qf5 a3 25. g4 h6 26. Qe6+ Kh8 27. Bg6 Rb6 28. Qe5 Rb7 29. Re1 Qf8 30. Rc1 Rb8 31. Rc7 Rc8 32. Re7 Rd8 33. Kg2 d4 34. Rf7 Qe8 35. Qxe8+ Rxe8 36. Rxf6 1-0

[Event "Manaus op 2nd"]
[Site "Manaus"]
[Date "2023.10.14"]
[Round "5"]
[White "Bezerra, Fabiano de Oliveira"]
[Black "Rodrigues, Julliano de Araujo"]
[Result "1-0"]
[WhiteElo "1935"]
[BlackElo "1748"]
[PlyCount "56"]
[EventDate "2023.10.11"]
[EventType "swiss"]
[EventRounds "9"]
[EventCountry "BRA"]
[SourceTitle "Mega2024 Update 01"]
[Source "Chessbase"]
[SourceDate "2023.11.12"]
[SourceVersion "1"]
[SourceVersionDate "2023.11.12"]
[SourceQuality "1"]

1. e4 e5 2. Nf3 Nc6 3. Bc4 Bc5 4. c3 Nf6 5. d3 d6 6. b4 Bb6 7. Nbd2 0-0 8. Nf1 h6 9. Ne3 Re8 10. 0-0 a5 11. b5 Ne7 12. a4 Ng6 13. Qb3 Qe7 14. Re1 Be6 15. Bxe6 Qxe6 16. Qxe6 fxe6 17. Nc4 Bc5 18. Bd2 Nd7 19. d4 exd4 20. cxd4 Bb6 21. Nxb6 Nxb6 22. Rac1 Re7 23. Be3 d5 24. exd5 exd5 25. Rc5 Nf8 26. Ne5 Ne6 27. Rc2 Kh7 28. h3 Rf8 1-0

[Event "Niteroi op 3rd"]
[Site "Niteroi"]
[Date "2023.09.06"]
[Round "4"]
[White "Rodrigues, Julliano de Araujo"]
[Black "Correia, Leonardo Henrique D"]
[Result "1-0"]
[WhiteElo "1735"]
[BlackElo "1441"]
[PlyCount "57"]
[EventDate "2023.09.04"]
[EventType "swiss"]
[EventRounds "9"]
[EventCountry "BRA"]
[SourceTitle "EXT 2024"]
[Source "ChessBase"]
[SourceDate "2023.10.10"]
[SourceVersion "1"]
[SourceVersionDate "2023.10.10"]
[SourceQuality "1"]

1. e4 Nf6 2. Nc3 d5 3. e5 Nfd7 4. e6 fxe6 5. d4 g6 6. Nf3 Bg7 7. Bf4 0-0 8. Qd2 Nc6 9. 0-0-0 e5 10. dxe5 Ndxe5 11. Nxe5 Rxf4 12. Qxf4 Bxe5 13. Qf3 e6 14. h4 Qd6 15. h5 Bxc3 16. Qxc3 Nb4 17. Kb1 g5 18. Qf6 Qf4 19. Qd8+ Kf7 20. Qh8 Qf5 21. Bd3 Nxd3 22. Rxd3 g4 23. h6 Qg6 24. Qd8 c6 25. g3 Qf5 26. f3 Qf6 27. Qc7+ Kg6 28. fxg4 e5 29. Rf3 1-0

[Event "Caioba op 7th"]
[Site "Caioba"]
[Date "2023.06.20"]
[Round "4"]
[White "Rodrigues, Julliano de Araujo"]
[Black "Moura, Eduardo Henrique B"]
[Result "1/2-1/2"]
[WhiteElo "1680"]
[BlackElo "2080"]
[PlyCount "56"]
[EventDate "2023.06.18"]
[EventType "swiss"]
[EventRounds "9"]
[EventCountry "BRA"]
[SourceTitle "CBM 214 Extra"]
[Source "ChessBase"]
[SourceDate "2023.07.31"]
[SourceVersion "1"]
[SourceVersionDate "2023.07.31"]
[SourceQuality "1"]

1. e4 c5 2. Nf3 g6 3. d4 cxd4 4. Nxd4 Nc6 5. c4 Nf6 6. Nc3 d6 7. Be2 Nxd4 8. Qxd4 Bg7 9. Be3 0-0 10. Qd2 Be6 11. 0-0 Qa5 12. f3 Rfc8 13. b3 a6 14. Rac1 b5 15. Nd5 Qxd2 16. Bxd2 Nxd5 17. cxd5 Bd4+ 18. Kh1 Bd7 19. Rxc8+ Rxc8 20. Rc1 Rxc1+ 21. Bxc1 Kg7 22. g4 e6 23. Bf4 Bc5 24. dxe6 fxe6 25. Kg2 Kf6 26. Bd3 Bc6 27. e5+ dxe5 28. g5+ Kf7 1/2-1/2

[Event "Caioba op 7th"]
[Site "Caioba"]
[Date "2023.06.18"]
[Round "1"]
[White "Rodrigues, Julliano de Araujo"]
[Black "Rodi, Luis Ernesto"]
[Result "1/2-1/2"]
[WhiteElo "1680"]
[BlackElo "2295"]
[PlyCount "176"]
[EventDate "2023.06.18"]
[EventType "swiss"]
[EventRounds "9"]
[EventCountry "BRA"]
[SourceTitle "CBM 214 Extra"]
[Source "ChessBase"]
[SourceDate "2023.07.31"]
[SourceVersion "1"]
[SourceVersionDate "2023.07.31"]
[SourceQuality "1"]

1. e4 e6 2. d4 d5 3. Nc3 Bb4 4. e5 c5 5. a3 Ba5 6. b4 cxd4 7. Nb5 Bc7 8. Nf3 Nc6 9. Nxc7+ Qxc7 10. Bb5 Bd7 11. Bxc6 Bxc6 12. 0-0 Ne7 13. Re1 Ba4 14. Nxd4 0-0 15. Bb2 Rfc8 16. Rc1 Nc6 17. Nf3 a5 18. Qd2 axb4 19. axb4 Qb6 20. c3 Bb5 21. Ra1 Bc4 22. h4 Qd8 23. Qf4 Rxa1 24. Rxa1 Ra8 25. Rxa8 Qxa8 26. Qc1 Be2 27. Nd4 Bb5 28. Nxc6 bxc6 29. Qa1 Qb8 30. Bc1 h6 31. Bf4 f6 32. Qe1 Kf7 33. Bg3 f5 34. f4 Qa7+ 35. Bf2 Qa2 36. Kh2 Kg6 37. Qe3 Be2 38. Qa7 Qd2 39. Qe3 Qc2 40. Qc5 Bg4 41. Qe3 Kh5 42. Qd4 Qe2 43. Qe3 Qxe3 44. Bxe3 Kxh4 45. Bf2+ Kh5 46. Bb6 Be2 47. Kg3 Bf1 48. Kf2 Bb5 49. g3 Kg4 50. Bd8 g5 51. fxg5 hxg5 52. Bb6 f4 53. gxf4 Kxf4 54. Bd4 g4 55. Kg2 Bd3 56. Kf2 Be4 57. Kg1 Kg3 58. Bc5 Bg2 59. Bb6 Kf3 60. Bc5 g3 61. Bb6 Bh3 62. Bc5 Ke4 63. Bd4 Kd3 64. Kh1 Ke2 65. Kg1 Ke1 66. Bc5 Ke2 67. Bb6 Kd3 68. Bd4 Ke4 69. Kh1 Kf3 70. Kg1 Bf5 71. Bc5 Be4 72. Bb6 Kf4 73. Bd4 Kg4 74. Bc5 Kf3 75. Bb6 Bf5 76. Bc5 Bh3 77. Bb6 Kf4 78. Bd4 Ke4 79. Kh1 Kd3 80. Kg1 Kd2 81. Kh1 Ke2 82. Kg1 Kd3 83. Kh1 Ke4 84. Kg1 Kf3 85. Bc5 g2 86. Bb6 Ke2 87. Bc5 Kd3 88. Bd4 Ke2 1/2-1/2

[Event "Jundiai op"]
[Site "Jundiai"]
[Date "2023.04.16"]
[Round "4"]
[White "Ruvieri, Valter"]
[Black "Rodrigues, Julliano de Araujo"]
[Result "0-1"]
[WhiteElo "1800"]
[BlackElo "1737"]
[PlyCount "58"]
[EventDate "2023.04.14"]
[EventType "swiss"]
[EventRounds "5"]
[EventCountry "BRA"]
[SourceTitle "CBM 213 Extra"]
[Source "ChessBase"]
[SourceDate "2023.05.31"]
[SourceVersion "1"]
[SourceVersionDate "2023.05.31"]
[SourceQuality "1"]

1. e4 c5 2. Nf3 e6 3. d4 cxd4 4. Nxd4 a6 5. Bd3 Bc5 6. c3 Ne7 7. 0-0 Nbc6 8. Be3 Qb6 9. Qe2 Ne5 10. Bc2 Qxb2 11. Nb3 Bxe3 12. fxe3 b5 13. a3 a5 14. Qxb5 Ba6 15. Qxe5 Bxf1 16. Kxf1 Qxc2 17. N1d2 Qd3+ 18. Kf2 a4 19. Qxg7 Ng6 20. Nc5 Qxd2+ 21. Kf3 Nh4+ 22. Kf4 Qf2+ 23. Ke5 Ng6+ 24. Kd4 Qd2+ 25. Nd3 e5+ 26. Kc4 Rc8+ 27. Nc5 Rxc5+ 28. Kxc5 Qxc3+ 29. Kb5 Ke7 0-1

[Event "Jundiai op"]
[Site "Jundiai"]
[Date "2023.04.15"]
[Round "2"]
[White "Pironti, Vicente"]
[Black "Rodrigues, Julliano de Araujo"]
[Result "1-0"]
[WhiteElo "1174"]
[BlackElo "1737"]
[PlyCount "84"]
[EventDate "2023.04.14"]
[EventType "swiss"]
[EventRounds "5"]
[EventCountry "BRA"]
[SourceTitle "CBM 213 Extra"]
[Source "ChessBase"]
[SourceDate "2023.05.31"]
[SourceVersion "1"]
[SourceVersionDate "2023.05.31"]
[SourceQuality "1"]

1. d4 Nf6 2. c4 g6 3. Nc3 d5 4. e3 Bg7 5. Nf3 0-0 6. Bd3 b6 7. 0-0 e6 8. Ne2 Na6 9. Ng3 c6 10. e4 Nc7 11. e5 Nfe8 12. h4 dxc4 13. Bxc4 b5 14. Bd3 a5 15. h5 Nd5 16. h6 Bh8 17. Bg5 f6 18. exf6 Bxf6 19. Ne4 Bxg5 20. Nfxg5 Nd6 21. Qd2 Ra7 22. Rac1 Nxe4 23. Nxe4 Qb6 24. Nc5 Raf7 25. Rce1 Rf6 26. Re5 a4 27. Rg5 Nf4 28. Ne4 R6f7 29. Qc3 Bd7 30. Nd6 Rf6 31. Ne4 R6f7 32. Nd6 Re7 33. Ne4 Nxd3 34. Qxd3 Ref7 35. Nd6 Rf4 36. Ne4 R4f7 37. Nd6 Rf4 38. Ne4 b4 39. a3 R8f7 40. Nc5 R4f6 41. Nxd7 Rxd7 42. axb4 Rf4 1-0

[Event "Rio de Janeiro Duchamp op 4th"]
[Site "Rio de Janeiro"]
[Date "2022.12.12"]
[Round "7"]
[White "Rodrigues, Julliano de Araujo"]
[Black "Rogozinski, Danilo Rocha"]
[Result "1-0"]
[WhiteElo "1834"]
[BlackElo "1651"]
[PlyCount "40"]
[EventDate "2022.12.07"]
[EventType "swiss"]
[EventRounds "9"]
[EventCountry "BRA"]
[SourceTitle "CBM 211 Extra"]
[Source "ChessBase"]
[SourceDate "2023.01.31"]
[SourceVersion "1"]
[SourceVersionDate "2023.01.31"]
[SourceQuality "1"]

1. e4 e5 2. Nf3 Nc6 3. Nc3 Nf6 4. d4 Bb4 5. Nxe5 Nxe5 6. dxe5 Nxe4 7. Qg4 Nxc3 8. Qxb4 Nd5 9. Qg4 g6 10. Qd4 c6 11. c4 Qa5+ 12. Bd2 Qb6 13. c5 Qd8 14. Bc4 0-0 15. Bxd5 cxd5 16. 0-0 Qe7 17. Qxd5 Qe6 18. Qe4 Re8 19. Bc3 Qc6 20. Qd4 f6 1-0

[Event "Rio de Janeiro Duchamp op 4th"]
[Site "Rio de Janeiro"]
[Date "2022.12.10"]
[Round "4"]
[White "Gomes, Genildo de Souza"]
[Black "Rodrigues, Julliano de Araujo"]
[Result "0-1"]
[WhiteElo "1651"]
[BlackElo "1834"]
[PlyCount "74"]
[EventDate "2022.12.07"]
[EventType "swiss"]
[EventRounds "9"]
[EventCountry "BRA"]
[SourceTitle "CBM 211 Extra"]
[Source "ChessBase"]
[SourceDate "2023.01.31"]
[SourceVersion "1"]
[SourceVersionDate "2023.01.31"]
[SourceQuality "1"]

1. d4 Nf6 2. Nd2 d5 3. e3 g6 4. Bd3 Bg7 5. Ne2 0-0 6. 0-0 e5 7. c3 Nbd7 8. b3 c5 9. Bb2 cxd4 10. cxd4 e4 11. Bc2 Ng4 12. h3 Nh6 13. Ba3 Re8 14. Bd6 Nf5 15. Bh2 Qg5 16. Bf4 Qh4 17. Ng3 Nxd4 18. Rc1 Nc6 19. Ne2 Nde5 20. Bg3 Qg5 21. Bf4 Qf6 22. Ng3 Nb4 23. Bb1 Ned3 24. Ne2 Nxc1 25. Qxc1 Nc6 26. Rd1 Be6 27. Nf1 Qb2 28. Qd2 Qxd2 29. Rxd2 Rac8 30. a3 Ne5 31. Nd4 Rc1 32. Bc2 Rc8 33. b4 Nc4 34. Rd1 Rxd1 35. Bxd1 Nxa3 36. Ba4 Bxd4 37. exd4 Rc4 0-1

[Event "BRA Amateur-ch U2200"]
[Site "Sao Paulo"]
[Date "2022.11.03"]
[Round "1"]
[White "De Souza, David Barroso"]
[Black "Rodrigues, Julliano de Araujo"]
[Result "1-0"]
[WhiteElo "2001"]
[BlackElo "1834"]
[PlyCount "57"]
[EventDate "2022.11.03"]
[EventType "swiss"]
[EventRounds "7"]
[EventCountry "BRA"]
[SourceTitle "CBM 211 Extra"]
[Source "ChessBase"]
[SourceDate "2023.01.31"]
[SourceVersion "1"]
[SourceVersionDate "2023.01.31"]
[SourceQuality "1"]

1. Nf3 Nf6 2. d4 d5 3. c4 c6 4. e3 a6 5. Nbd2 b5 6. b3 Bg4 7. Qc2 e6 8. Bd3 Nbd7 9. 0-0 Rc8 10. a3 dxc4 11. bxc4 b4 12. a4 c5 13. Ne5 Nxe5 14. dxe5 Nd7 15. f4 Bh5 16. Be4 Rc7 17. Bb2 Bg6 18. f5 exf5 19. Bxf5 Qg5 20. Qe4 Be7 21. Bxg6 Qxg6 22. Qf4 Qe6 23. Qg3 0-0 24. Rae1 Nb8 25. Rf6 Qd7 26. Ne4 Qd3 27. Rf4 Rc6 28. e6 g6 29. Rxf7 1-0

[Event "Niteroi op 2nd"]
[Site "Niteroi"]
[Date "2022.09.02"]
[Round "2"]
[White "Mendes Domingues, Ribeiro Matheus"]
[Black "Rodrigues, Julliano de Araujo"]
[Result "1/2-1/2"]
[WhiteElo "2142"]
[BlackElo "1829"]
[PlyCount "80"]
[EventDate "2022.09.01"]
[EventType "swiss"]
[EventRounds "9"]
[EventCountry "BRA"]
[SourceTitle "CBM 210 Extra"]
[Source "ChessBase"]
[SourceDate "2022.11.30"]
[SourceVersion "1"]
[SourceVersionDate "2022.11.30"]
[SourceQuality "1"]

1. c4 c6 2. Nf3 d5 3. e3 Nf6 4. Nc3 a6 5. d4 b5 6. b3 Bg4 7. Be2 e6 8. 0-0 Bd6 9. h3 Bh5 10. Ne5 Bxe2 11. Qxe2 0-0 12. Bb2 Qc7 13. Rac1 dxc4 14. bxc4 b4 15. Na4 Nbd7 16. Nxd7 Nxd7 17. e4 Rfd8 18. c5 Bf4 19. Rcd1 Qa5 20. Qc2 Bc7 21. Rfe1 Nf8 22. Re3 Ng6 23. g3 Qb5 24. Red3 a5 25. d5 exd5 26. exd5 cxd5 27. Rxd5 Rxd5 28. Rxd5 Rd8 29. Rxd8+ Bxd8 30. c6 Bc7 31. Bd4 Ne7 32. Qe4 Qxa4 33. Qxe7 Qxc6 34. Bc5 h6 35. Qf8+ Kh7 36. Bd4 Qg6 37. Qc8 Qd6 38. Qf5+ Qg6 39. Qc5 Bd8 40. Qd5 Bc7 1/2-1/2

[Event "Niteroi op 2nd"]
[Site "Niteroi"]
[Date "2022.09.02"]
[Round "3"]
[White "Rodrigues, Julliano de Araujo"]
[Black "Silva, Caio Henrique Angel"]
[Result "0-1"]
[WhiteElo "1829"]
[BlackElo "1959"]
[PlyCount "92"]
[EventDate "2022.09.01"]
[EventType "swiss"]
[EventRounds "9"]
[EventCountry "BRA"]
[SourceTitle "CBM 210 Extra"]
[Source "ChessBase"]
[SourceDate "2022.11.30"]
[SourceVersion "1"]
[SourceVersionDate "2022.11.30"]
[SourceQuality "1"]

1. e4 c6 2. d4 d5 3. e5 c5 4. dxc5 e6 5. a3 Bxc5 6. b4 Be7 7. Qg4 g6 8. Nf3 a5 9. Bd2 axb4 10. Bxb4 Nc6 11. Bb5 Qb6 12. Bxc6+ bxc6 13. Bxe7 Nxe7 14. 0-0 Ba6 15. Rc1 Nf5 16. Nbd2 0-0 17. h4 h5 18. Qg5 Bb5 19. c4 Bxc4 20. Nxc4 dxc4 21. Rxc4 Qb5 22. Rac1 Rxa3 23. Rxc6 Ra1 24. Qf6 Qb2 25. Rxa1 Qxa1+ 26. Kh2 Qa4 27. Rc7 Nh6 28. Qg5 Ng4+ 29. Kg3 Qa2 30. Nd2 Qa5 31. Rc1 Qa3+ 32. Nf3 Nxe5 33. Qe3 Qxe3 34. fxe3 Ng4 35. Rc3 Rb8 36. e4 Rb4 37. Ng5 Nf6 38. Kf3 Rb7 39. Rc8+ Kg7 40. Rc3 Ng4 41. Kf4 Re7 42. e5 Rb7 43. Rc4 Rb5 44. Nf3 Rb2 45. g3 Rf2 46. Ke4 Rxf3 0-1

[Event "BRA-ch U2000 Amateurs"]
[Site "Sao Paulo"]
[Date "2022.06.17"]
[Round "4"]
[White "Vieira, Alexandre Letizio"]
[Black "Rodrigues, Julliano de Araujo"]
[Result "0-1"]
[WhiteElo "1698"]
[BlackElo "1863"]
[PlyCount "82"]
[EventDate "2022.06.16"]
[EventType "swiss"]
[EventRounds "7"]
[EventCountry "BRA"]
[SourceTitle "CBM 208 Extra"]
[Source "ChessBase"]
[SourceDate "2022.07.31"]
[SourceVersion "1"]
[SourceVersionDate "2022.07.31"]
[SourceQuality "1"]

1. d4 d5 2. Bf4 Nf6 3. e3 c5 4. c3 Nc6 5. Bd3 Bg4 6. Nf3 c4 7. Be2 Qb6 8. Qc1 e6 9. Nbd2 Be7 10. 0-0 Nh5 11. Bg3 Nxg3 12. hxg3 h5 13. e4 h4 14. gxh4 Bxh4 15. exd5 exd5 16. Re1 0-0-0 17. Nxh4 Bxe2 18. Rxe2 Rxh4 19. Nf3 Rh5 20. Qf4 Rdh8 21. Kf1 Qc7 22. Qxc7+ Kxc7 23. Rae1 b5 24. g3 Rh1+ 25. Ng1 a5 26. a3 Kd6 27. Re8 b4 28. Kg2 bxc3 29. bxc3 a4 30. Rxh8 Rxh8 31. Rb1 Rb8 32. Rxb8 Nxb8 33. Nf3 Nc6 34. Kf1 Na7 35. Nd2 Nb5 36. Nb1 Ke6 37. Ke2 Kf5 38. f3 g5 39. Ke3 g4 40. f4 Nd6 41. Nd2 f6 0-1

[Event "Rio de Janeiro op"]
[Site "Rio de Janeiro"]
[Date "2022.04.21"]
[Round "2"]
[White "Rodrigues, Julliano de Araujo"]
[Black "Da Fonte Junior, Leandro Bricio"]
[Result "1-0"]
[WhiteElo "1861"]
[BlackElo "1800"]
[PlyCount "49"]
[EventDate "2022.04.21"]
[EventType "swiss"]
[EventRounds "6"]
[EventCountry "BRA"]
[SourceTitle "CBM 207 Extra"]
[Source "ChessBase"]
[SourceDate "2022.05.31"]
[SourceVersion "1"]
[SourceVersionDate "2022.05.31"]
[SourceQuality "1"]

1. e4 e5 2. Nf3 Nc6 3. Nc3 Bc5 4. Nxe5 Nxe5 5. d4 Bd6 6. dxe5 Bxe5 7. Bd3 Nf6 8. Bg5 d6 9. f4 Bxc3+ 10. bxc3 0-0 11. e5 Re8 12. 0-0 dxe5 13. fxe5 Rxe5 14. Bxh7+ Kxh7 15. Qxd8 Rxg5 16. Qxc7 Bh3 17. Rf2 Ne4 18. Qf4 Rg4 19. Qf5+ Kg8 20. Qxf7+ Kh8 21. Qh5+ Kg8 22. Qxh3 Nxf2 23. Kxf2 Rf8+ 24. Kg1 Rff4 25. Re1 1-0

[Event "Pocos de Caldas op"]
[Site "Pocos de Caldas"]
[Date "2022.03.12"]
[Round "3"]
[White "Rodrigues, Julliano de Araujo"]
[Black "Lage, Pedro Ferreira"]
[Result "1-0"]
[WhiteElo "1849"]
[BlackElo "2120"]
[PlyCount "105"]
[EventDate "2022.03.11"]
[EventType "swiss"]
[EventRounds "6"]
[EventCountry "BRA"]
[SourceTitle "CBM 207 Extra"]
[Source "ChessBase"]
[SourceDate "2022.05.31"]
[SourceVersion "1"]
[SourceVersionDate "2022.05.31"]
[SourceQuality "1"]

1. e4 c5 2. Nf3 e6 3. d4 cxd4 4. Nxd4 Nf6 5. Nc3 Nc6 6. Ndb5 Bb4 7. a3 Bxc3+ 8. Nxc3 d5 9. exd5 exd5 10. Bd3 0-0 11. 0-0 d4 12. Ne2 Bg4 13. Re1 Re8 14. Bg5 Ne5 15. Bb5 Re6 16. Qxd4 Qe7 17. Qc3 Bxe2 18. Rxe2 Nd5 19. Bxe7 Nxc3 20. bxc3 Rxe7 21. Rae1 a6 22. Ba4 b5 23. Bxb5 axb5 24. Rxe5 Rxe5 25. Rxe5 Kf8 26. Rxb5 Rxa3 27. Rb1 Rxc3 28. Rc1 Ke7 29. Kf1 Ke6 30. Ke2 Ke5 31. Kd2 Kd4 32. Ra1 Rc7 33. Ra4+ Ke5 34. c3 Rb7 35. Kc2 Kd5 36. Kd3 Rb2 37. Rd4+ Ke5 38. Re4+ Kf5 39. Re2 Rb7 40. c4 Rb1 41. c5 Rh1 42. h3 Rg1 43. g3 g5 44. Kd4 Rc1 45. Kd5 h5 46. c6 h4 47. g4+ Kf4 48. Re4+ Kf3 49. Rc4 Rd1+ 50. Ke5 Rd8 51. c7 Rc8 52. Rc2 Kg2 53. Rc3 1-0

[Event "Pocos de Caldas op"]
[Site "Pocos de Caldas"]
[Date "2022.03.11"]
[Round "2"]
[White "Lima, Kleyton Alcantara"]
[Black "Rodrigues, Julliano de Araujo"]
[Result "1/2-1/2"]
[WhiteElo "2062"]
[BlackElo "1849"]
[PlyCount "118"]
[EventDate "2022.03.11"]
[EventType "swiss"]
[EventRounds "6"]
[EventCountry "BRA"]
[SourceTitle "CBM 207 Extra"]
[Source "ChessBase"]
[SourceDate "2022.05.31"]
[SourceVersion "1"]
[SourceVersionDate "2022.05.31"]
[SourceQuality "1"]

1. e4 e5 2. Nf3 Nc6 3. Bb5 a6 4. Ba4 Nf6 5. 0-0 Be7 6. Re1 b5 7. Bb3 d6 8. c3 0-0 9. h3 Nb8 10. d4 Nbd7 11. a4 Bb7 12. Nbd2 c5 13. d5 c4 14. Bc2 Re8 15. Qe2 Qc7 16. Nf1 Bf8 17. Ne3 g6 18. Bd2 Nc5 19. Ng4 Nxg4 20. hxg4 Reb8 21. Be3 Bc8 22. axb5 axb5 23. Nd2 Bd7 24. g5 Be7 25. Qf3 Qd8 26. Qg3 Nb7 27. f3 Rxa1 28. Rxa1 Ra8 29. Rxa8 Qxa8 30. Qe1 Qd8 31. Qc1 Bxg5 32. Nxc4 Bxe3+ 33. Nxe3 Qg5 34. Qe1 h5 35. Nf1 h4 36. Qe3 Qd8 37. Qa7 Nc5 38. b4 Qg5 39. Qa2 Bh3 40. Bd1 Nd3 41. Kh2 Bd7 42. Qd2 Nf4 43. Bb3 Qf6 44. c4 bxc4 45. Bxc4 Nh5 46. b5 h3 47. g3 Qxf3 48. b6 Bc8 49. Qe2 Qc3 50. Bd3 Qc5 51. Qc2 Qxc2+ 52. Bxc2 Nf6 53. Nd2 Nd7 54. Nc4 Ba6 55. Ba4 Nc5 56. Nxd6 Nxa4 57. b7 Bxb7 58. Nxb7 Kf8 59. Kxh3 Ke7 1/2-1/2

[Event "Florianopolis op 8th"]
[Site "Florianopolis"]
[Date "2022.01.27"]
[Round "6"]
[White "Franzen, Mark Scheer"]
[Black "Rodrigues, Julliano de Araujo"]
[Result "1-0"]
[WhiteElo "1649"]
[BlackElo "1894"]
[PlyCount "39"]
[EventDate "2022.01.24"]
[EventType "swiss"]
[EventRounds "10"]
[EventCountry "BRA"]
[SourceTitle "CBM 206 Extra"]
[Source "ChessBase"]
[SourceDate "2022.03.31"]
[SourceVersion "1"]
[SourceVersionDate "2022.03.31"]
[SourceQuality "1"]

1. e4 e5 2. Bc4 Nf6 3. d3 Bc5 4. Nc3 d6 5. f4 Nc6 6. Nf3 Ng4 7. Ng5 h6 8. Nxf7 Qh4+ 9. g3 Qh3 10. Qe2 Nd4 11. Qf1 Qh5 12. Nxh8 Nxc2+ 13. Kd2 Nge3 14. Bf7+ Qxf7 15. Nxf7 Nxf1+ 16. Kxc2 Ne3+ 17. Bxe3 Bxe3 18. Nd5 Bb6 19. Nxb6 axb6 20. Nh8 1-0

[Event "BRA-ch 87th"]
[Site "Cuiaba"]
[Date "2021.11.01"]
[Round "7"]
[White "Rodrigues, Julliano de Araujo"]
[Black "Franco Filho, Sinvaldo Barreiros"]
[Result "1-0"]
[WhiteElo "1917"]
[BlackElo "1702"]
[PlyCount "71"]
[EventDate "2021.10.28"]
[EventType "swiss"]
[EventRounds "11"]
[EventCountry "BRA"]
[SourceTitle "CBM 205 Extra"]
[Source "ChessBase"]
[SourceDate "2022.01.31"]
[SourceVersion "1"]
[SourceVersionDate "2022.01.31"]
[SourceQuality "1"]

1. e4 e6 2. d4 d5 3. Nc3 Nf6 4. e5 Nfd7 5. f4 c5 6. Nf3 Nc6 7. Be3 Qb6 8. Na4 Qa5+ 9. c3 cxd4 10. b4 Qc7 11. Nxd4 Nxd4 12. Bxd4 a5 13. a3 Be7 14. Bd3 f6 15. Qh5+ Kd8 16. 0-0 axb4 17. axb4 fxe5 18. fxe5 Rf8 19. Rxf8+ Bxf8 20. Qf7 Be7 21. Qxe6 Nf8 22. Qxd5+ Qd7 23. Bb6+ Ke8 24. Bb5 Qxb5 25. Qxb5+ Bd7 26. Qd5 Rxa4 27. Rxa4 Bxa4 28. Qxb7 Bb3 29. Bd4 Ne6 30. b5 Bg5 31. Qf3 Bd8 32. b6 Kd7 33. Qb7+ Ke8 34. Qc6+ Kf7 35. b7 Bc7 36. Qxc7+ 1-0